000 nam a22 7a 4500
999 _c10532
_d10532
008 180219b ||||| |||| 00| 0 eng d
100 _aRustagi,P.
_92562
245 _aLearnwell Social Studies-5
260 _aNew Delhi
_bHolyFaith